Gesell and Amatruda's Developmental diagnosis; (Record no. 1226)

MARC details
000 -LEADER
fixed length control field 01075cam a2200313 4500
005 - DATE AND TIME OF LATEST TRANSACTION
control field 20260322212052.0
008 - FIXED-LENGTH DATA ELEMENTS--GENERAL INFORMATION
fixed length control field data
010 ## - LIBRARY OF CONGRESS CONTROL NUMBER
LC control number 74-9517
020 ## - INTERNATIONAL STANDARD BOOK NUMBER
International Standard Book Number 0061414387
020 ## - INTERNATIONAL STANDARD BOOK NUMBER
International Standard Book Number 9780061414381
040 ## - CATALOGING SOURCE
Original cataloging agency DNLM
Transcribing agency DNLM
041 09 - LANGUAGE CODE
Language code of text/sound track or separate title eng
044 ## - COUNTRY OF PUBLISHING/PRODUCING ENTITY CODE
-- United States
060 00 - NATIONAL LIBRARY OF MEDICINE CALL NUMBER
Classification number WS 350
Item number G398d 1974
096 ## - LOCALLY ASSIGNED NLM-TYPE CALL NUMBER (OCLC)
Classification number WS 350 G389 1975
001 - CONTROL NUMBER
control field data
100 1# - MAIN ENTRY--PERSONAL NAME
Personal name Gesell, Arnold,
Dates associated with a name 1880-1961.
245 10 - TITLE STATEMENT
Title Gesell and Amatruda's Developmental diagnosis;
Remainder of title the evaluation and management of normal and abnormal neuropsychologic development in infancy and early childhood.
Statement of responsibility, etc. Arnold Gesell ... [et al.].
246 3# - VARYING FORM OF TITLE
Title proper/short title Developmental diagnosis
250 ## - EDITION STATEMENT
Edition statement 3d ed., rev. and enl. Editors: Hilda Knobloch [and] Benjamin Pasamanick.
260 ## - PUBLICATION, DISTRIBUTION, ETC.
Place of publication, distribution, etc. Hagerstown, Md.,
Name of publisher, distributor, etc. Medical Dept., Harper & Row
Date of publication, distribution, etc. [c1974]
300 ## - PHYSICAL DESCRIPTION
Extent xxv, 538 p.
Other physical details illus.
500 ## - GENERAL NOTE
General note Includes index.
650 #2 - SUBJECT ADDED ENTRY--TOPICAL TERM
Topical term or geographic name entry element Child Development
650 #2 - SUBJECT ADDED ENTRY--TOPICAL TERM
Topical term or geographic name entry element Developmental Disabilities
700 1# - ADDED ENTRY--PERSONAL NAME
Personal name Knobloch, Hilda,
Dates associated with a name 1915-
700 1# - ADDED ENTRY--PERSONAL NAME
Personal name Pasamanick, Benjamin,
Dates associated with a name 1914-
700 1# - ADDED ENTRY--PERSONAL NAME
Personal name Amatruda, Catherine Strunk,
Dates associated with a name 1903-
Holdings
Withdrawn status Lost status Damaged status Not for loan Home library Current library Shelving location Date acquired Total checkouts Full call number Barcode Date last seen Price effective from Koha item type
        Fairview Fairview General stacks 22/03/2026   GEN BC0011266 22/03/2026 22/03/2026 Books